| 000 | 01400cad a22002175a 4500 | ||
|---|---|---|---|
| 001 | L141972 | ||
| 008 | 080117e20071108xxk f 000 0 eng d | ||
| 035 | _a(Sirsi) u141972 | ||
| 041 | 0 | _aeng | |
| 050 | 0 | 4 | _a306.1 $2 18 |
| 110 | 2 |
_aNHBC Foundation _94948 |
|
| 245 | 0 | 0 |
_aModern housing _bhouseholds' views of their new homes _h[electronic resource] |
| 260 |
_aAmersham _bNHBC Foundation _c2007 |
||
| 520 | _aAims to provide housebuilders, and those involved in the provision of new houses with information to help them ensure that the stock they provide is of the highest standard. Identifies key differences in the housing stock profile since 1991 and since 2002. Details what has been found that households like and dislike about their homes, and key factors which influenced their choice. Compares satisfaction levels. Identifies neighbourhood problems and improvements they would like to see. Provides information from the English House Condition Survey and Survey of English Housing, background information on the UK housing stock profile. | ||
| 521 | 2 | _aAdvanced | |
| 590 | _aKA | ||
| 651 | 4 |
_aUnited Kingdom _y |
|
| 690 | _aPROPERTY-RESIDENTIAL PROPERTY-DOMESTIC RESIDENTIAL PROPERTY-HOUSING | ||
| 856 | 4 | 0 |
_uhttps://www.nhbcfoundation.org/LinkClick.aspx?fileticket=qJkYoXQPdNI%3D&tabid=339&mid=774&language=en-GB _zView the item free of charge at www.nhbcfoundation.org... |
| 942 | _n0 | ||
| 999 |
_c107815 _d107815 |
||